00977nam a2200265 i 4500001001000000003000900010005001700019007000300036008004100039040003000080041000800110082003000118100005500148245007500203250002600278264004200304300005500346336002700401337003200428338002800460500006200488504003400550650005600584651007100640000041745DO-SdBNP20250925101038.0ta110328s1998 dr ac 000 0 spa d aDO-SdBNPbspacBNPHUerda aspa 4a972.93054 bM385a19982221 aMartínez Almanzar, Juan Franciscod1950 -eautor10aAbril de 1965... :binolvidable /cJuan Francisco Martínez Almanzar. a2a edición ampliada aSanto Domingo :b9 de octubre,c1998. a156 páginas :bilustraciones retratos. ;c23 cm. atextobtxt2rdacontent asin mediciónbn2rdamedia avolumenbnc2rdacarrier aIncluye datos biográficos del autor en la contraportada aBibliografía : página 153 4aRevolución de abrily1965zRepública Dominicana 0aRepública DominicanaxHistoriaxOcupación Norteamericana, 1965